El Sector informal rural . = The Informal rural sector /

La división internacional del trabajo genera economías desarticuladas y dependientes, siendo el sector informal una de las poblaciones ubicada en el capitalismo periférico que labora en condiciones precarias. Las alternativas para formalizar las relaciones de trabajo son graduales, pero la actual si...

詳細記述

保存先:
書誌詳細
第一著者: Luparta, Carlos H.
フォーマット: テキスト
言語:Spanish
主題:
タグ: タグ追加
タグなし, このレコードへの初めてのタグを付けませんか!

MARC

LEADER 00000 a a2200000 04500
001 8252
003 cru CIDCACS/IIS
005 20220318062536.0
007 ta
008 181126b ||||| |||| 00| 0 spa d
999 |c 34628  |d 34628 
040 |c cru CIDCACS/IIS 
100 |a Luparta, Carlos H.  
245 |a El Sector informal rural . =   |b The Informal rural sector /  |c Carlos H. Luparta 
500 |a Resumen también en idioma inglés  
520 |a La división internacional del trabajo genera economías desarticuladas y dependientes, siendo el sector informal una de las poblaciones ubicada en el capitalismo periférico que labora en condiciones precarias. Las alternativas para formalizar las relaciones de trabajo son graduales, pero la actual situación no podrá prolongarse en forma indefinida debido a que las tensiones sociales pueden llegar a ser insoportables, presentando las experiencias y problemas más recientes. 
650 0 |a TRABAJO  |9 27 
650 0 |9 143  |a ECONOMIA 
650 0 |9 2379  |a SECTOR INFORMAL 
650 0 |9 2799  |a RELACIONES LABORALES 
650 0 |9 1489  |a TRABAJADORES RURALES 
650 0 |9 1481  |a CONDICIONES DE TRABAJO 
650 0 |9 288  |a EMPLEO 
650 0 |9 2499  |a EMPLEO RURAL 
650 0 |9 64  |a CAPITALISMO 
650 0 |a POLITICA DE EMPLEO   |9 3672 
650 0 |9 4302  |a OPORTUNIDADES DE EMPLEO  
650 0 |9 1475  |a DIVISION INTERNACIONAL DEL TRABAJO 
773 |g volumen 6; páginas 337-346  
942 |2 ddc  |c PP